| 000 | 01038nas a2200349 4500 | ||
|---|---|---|---|
| 001 | BR0104765 | ||
| 003 | BR-BrBNA | ||
| 005 | 20231205102441.0 | ||
| 007 | ta | ||
| 008 | 230509b bl.|||p| |||| 00| 00por d | ||
| 040 |
_aBR-BrBNA _bpor _cBiblioteca Nacional de Agricultura |
||
| 041 | _a(Pt) | ||
| 072 | _aF60; F04 | ||
| 100 | 1 | _aCunha, M.K. | |
| 100 | 1 | _aSiewerdt, L. | |
| 100 | 1 | _aSilveira Junior, P. | |
| 100 | 1 | _aSiewedt, F. | |
| 245 | 1 | _aDoses de nitrogenio e enxofre na producao e qualidade da forragem de campo natural de planossolo no Rio Grande do Sul | |
| 650 | _aForragem | ||
| 650 | _aNitrogenio | ||
| 650 | _aEnxofre | ||
| 650 | _aFertilizante Nitrogenado | ||
| 650 | _aPlanossolo | ||
| 650 | _aMateria Seca | ||
| 650 | _aProducao | ||
| 650 | _aQualidade | ||
| 650 | _aCampo | ||
| 650 | _aRio Grande do Sul | ||
| 773 | 0 |
_tRevista Brasileira de Zootecnia (Brazil) _xISSN 1516-3598 _g(May-Jun 2001), v. 30(3) p. 651-658 _wBR0104765 |
|
| 909 |
_a202311 _bLúcia _c55 _dLúcia Elande |
||
| 942 |
_2AGRIS _n0 _cANA |
||
| 999 |
_c167642 _d167642 |
||